| 000 | 00523nam a2200193Ia 4500 | ||
|---|---|---|---|
| 003 | OSt | ||
| 005 | 20220606031743.0 | ||
| 008 | 151021s9999 xx 000 0 und d | ||
| 020 | _a8170004950 | ||
| 040 |
_aMMU _beng _cMMU _dMMU |
||
| 050 | _aZ678 .R36 2006 | ||
| 100 |
_aRanganathan S.R _9148 |
||
| 245 |
_aLibrary Administration / _cS.R. Ranganathan. |
||
| 260 |
_aNew Delhi : _bEss Ess, _c 2006. |
||
| 300 | _a678 p. : | ||
| 500 | _aIncludes index | ||
| 650 | _aLibrary Administration | ||
| 942 |
_2lcc _cLOAN LOAN |
||
| 999 |
_c15115 _d15115 |
||